| 000 | 00628nmc a2200253 a 4500 | ||
|---|---|---|---|
| 003 | AR-BaBNM | ||
| 005 | 20251128211632.0 | ||
| 008 | 225020s2004 ||||||||||||||000 | spa|| | ||
| 020 | _a987-545-188-6 | ||
| 040 | _cAR-BaBNM | ||
| 100 | 1 | _aBialet, Graciela | |
| 245 | 1 | 0 | _aSi tu signo no es cáncer |
| 250 | _a1ª ed. | ||
| 260 |
_aBuenos Aires _bGrupo Editorial Norma _c2004 |
||
| 300 | 0 | _a165 p. | |
| 490 | 0 | _aZona libre | |
| 650 | 4 | _aLITERATURA ARGENTINA | |
| 650 | 4 | _aLITERATURA CONTEMPORANEA | |
| 653 | 0 | _aNARRATIVA | |
| 653 | 0 | _aLITERATURA JUVENIL | |
| 655 | _aLITERATURA | ||
| 942 | _cBK | ||
| 998 | _cmartin | ||
| 999 |
_c20534 _d20534 |
||